Human resource management

Αποθηκεύτηκε σε:
Λεπτομέρειες βιβλιογραφικής εγγραφής
Κύριος συγγραφέας: Ivancevich, John M.
Μορφή: Βιβλίο
Γλώσσα:English
Δημοσίευση: Chicago : Irwin, c1995.
Έκδοση:6η έκδ.
Θέματα:
Ετικέτες: Προσθήκη ετικέτας
Δεν υπάρχουν, Καταχωρήστε ετικέτα πρώτοι!

MARC

LEADER 00000cam a2200000 a 4500
001 1/118528
008 190507t1995####us | ||| |||| ||eng||
020 |a 025614589X   |q (σκληρό εξώφυλλο)  
040 |a GR-MyUa  |b gre  |c GR-MyUa  |e AACR2 
041 0 |a eng 
082 7 |a 658.3   |2 (23)  
100 1 |a Ivancevich, John M. 
245 1 0 |a Human resource management /   |c John M. Ivancevich.  
250 |a 6η έκδ.  
260 |a Chicago :   |b Irwin,   |c c1995.  
300 |a xxii, 728 σ. :   |b διαγρ., πίν. ;   |c 26 εκ.  
504 |a Περιλαμβάνει βιβλιογραφικές παραπομπές και ευρετήριο.  
650 0 |a Personnel management. 
852 |a INST  |b CHIOS  |c TSAMOYRGELIS  |e 20190507  |h 658.3 IVA  |p 005200038853  |q 005200038853  |t BK  |y 0 
970 |a Σπέντζα  |b Ελένη  |z 07-05-2019